000 01503nam a22002657a 4500
999 _c8079
_d8079
003 AR-CdUCM
008 190322b ||||| |||| 00| 0 spa d
020 _a968-18-2840-2
040 _aMUNICIPALIDAD PROVINCIAL DEL CUSCO
_cBIBLIOTECA MUNICIPAL DEL CUSCO
082 _23ed.
_a621 /
_bM82
100 _aMoore, Harry D.
_922821
245 _aManual del ingeniero mecánico /
260 _aMéxico D. F. :
_bLimusa,
_c1990.
300 _a4 volúmenes ;
_bIlustraciones, cuadros, diagramas,
_c24 cm.
500 _aTitulo original : Manufacturing, materials and processes
505 _aContenido : v.1: Propiedades de los materiales -- Naturaleza de los materiales -- Metales ferrosos -- Tratamiento térmico de los metales -- Naturaleza de la manufactura -- v.2: Tecnología del taller de fundición -- Cajas de modelos -- Hornos de crisol -- Efectos de la deformación -- Deformación plástica -- v.3 : Diseño de soldadura -- Materiales para herramientas cortantes -- Acero de alta velocidad -- Facilidad de maquinado -- Superficies alabeadas -- v.4: Equipo auxiliar de maquinado -- Diseño de dispositivos de fijación y sujeción -- Ventajas y desventajas del control numérico.
650 _aIngeniería mecánica
_921446
650 _aSoldaduras
_921130
650 _aSuperficies cilíndricas
_922822
650 _aControl numérico
_922823
650 _aRevestimiento electrolítico
_922824
700 _aFournier, Gonzales Julio ( Traductor)
_922825
942 _2ddc
_cLIBROS
945 _awnts